000 00366 a2200121 4500
001 ART_56674
005 20260410161609.0
008 260409a
245 1 0 _aResolución técnica (FACPCE) 53.
100 1 _aOubiña, Gabriel H.
700 1 _aFaccendini, Yanina C.
773 0 _tProfesional & Empresaria
_g- Año XXIII, Nº 275 (ago. 2022)
_wREV70
999 _c10508
_d10508